US to UK Spellings Quiz Stats

 Plays Quiz Updated Dec 11, 2014

Score 0/16 Timer 04:00
0 Plays Today
US Spelling UK Spelling % Correct
ArmorArmour
98.4%
CenterCentre
95.6%
ProgramProgramme
85.1%
CatalogCatalogue
83%
CriticizeCriticise
82.5%
TireTyre
80%
AluminumAluminium
78.8%
PlowPlough
78.1%
US Spelling UK Spelling % Correct
CheckCheque
77.5%
DefenseDefence
77.4%
DraftDraught
67.5%
PajamasPyjamas
57.3%
JewelryJewellery
44.1%
CurbKerb
41%
ArtifactArtefact
40.2%
ManeuverManoeuvre
25.4%

You're not logged in!

Compare scores with friends on all Sporcle quizzes.
OR
Log In

Sporcle TV

Today on Sporcle TV


Watch our educational content, quiz creation guides, and fun videos on Sporcle TV.

Show Comments

Extras

Top Quizzes Today


Score Distribution

Your Account Isn't Verified!

In order to create a playlist on Sporcle, you need to verify the email address you used during registration. Go to your Sporcle Settings to finish the process.

Report this User

Report this user for behavior that violates our Community Guidelines.

Details: